History of Indian epistemology (Record no. 1337028)

MARC details
000 -LEADER
fixed length control field 00552nam a2200205Ia 4500
005 - DATE AND TIME OF LATEST TRANSACTION
control field 20250508152528.0
008 - FIXED-LENGTH DATA ELEMENTS--GENERAL INFORMATION
fixed length control field 008 250505s9999 xx 000 0 eng d
037 ## - SOURCE OF ACQUISITION
Stock number Textual
040 ## - CATALOGING SOURCE
Original cataloging agency FEDL
Language of cataloging eng
Transcribing agency FEDL
041 ## - LANGUAGE CODE
Language code of text/sound track or separate title eng
Source of code eng
084 ## - COLON CLASSIFICATION NUMBER
Classification number 121, JWA
Assigning agency FEDL
100 ## - MAIN ENTRY--PERSONAL NAME
Personal name Prasad Jwala
9 (RLIN) 761707
245 #0 - TITLE STATEMENT
Title History of Indian epistemology
260 ## - PUBLICATION, DISTRIBUTION, ETC.
Place of publication, distribution, etc. Delhi, India
Name of publisher, distributor, etc. Munshi Ram Manohar Lal
Date of publication, distribution, etc. 1956
300 ## - PHYSICAL DESCRIPTION
Extent viii,406p.
365 ## - TRADE PRICE
Price type code INR
Price amount 25
650 ## - SUBJECT ADDED ENTRY--TOPICAL TERM
Topical term or geographic name entry element Philosophy
942 ## - ADDED ENTRY ELEMENTS (KOHA)
Koha item type Textual
Classification part 121, JWA
Holdings
Withdrawn status Lost status Damaged status Not for loan Home library Current library Date acquired Cost, normal purchase price Total Checkouts Full call number Barcode Date last seen Price effective from Koha item type
        Department of Education Library Department of Education Library 2025-05-08 25.00   121, JWA EL0019078 2025-05-08 2025-05-08 Textual
Copyright @ Delhi University Library System